| 000 | 00537nam a2200193Ia 4500 | ||
|---|---|---|---|
| 005 | 20250326144851.0 | ||
| 008 | 250326s9999 xx 000 0 und d | ||
| 020 | _a3-540-67903-0 | ||
| 037 | _aTextbook | ||
| 040 |
_aFMSL _beng _cFMSL |
||
| 041 |
_aeng _2eng |
||
| 084 |
_aX:8 P1;1 _qFMSL |
||
| 100 |
_aDoppler Klaus _9329088 |
||
| 245 | 0 |
_aManaging corporate change _cDoppler Klaus; Lauterburg Christoph |
|
| 260 |
_aNY _bNY, Springer _c2001 |
||
| 300 | _axiv,348 | ||
| 942 |
_cTB _hX:8 P1;1 |
||
| 999 |
_c1305379 _d1305379 |
||